|
|
|
|
| LEADER |
00000nam0a2200000 4500 |
| 001 |
358438 |
| 005 |
20231102011107.0 |
| 035 |
|
|
|a (RuTPU)RU\TPU\retro\15706
|
| 090 |
|
|
|a 358438
|
| 100 |
|
|
|a 20200817d1890 km y0rusy50 ca
|
| 101 |
0 |
|
|a rus
|a ger
|
| 102 |
|
|
|a RU
|
| 105 |
|
|
|a y e 000zy
|
| 200 |
1 |
|
|a Немецко-русский горно-технический словарь
|e содержащий технические выражения как по наукам горным, так по предметам вспомогательным, а именно: по металлургии, горному, маркшейдерскому и пробирному искусствам, галургии, геологии, минералогии, химии, физике, механике, геодезии, строительному искусству, плотничному и железнодорожному делу
|f В. Н. Бек-Гергард
|d Deutsch_Russisches Tecnisches Worterbuch der Bergbau- und Huttenkunde
|
| 210 |
|
|
|a Санкт-Петербург
|c Типография Императорской Академии наук
|d 1890
|
| 215 |
|
|
|a 496 с.
|
| 300 |
|
|
|a Текст в русской дореформенной орфографии
|
| 510 |
1 |
|
|a Deutsch_Russisches Tecnisches Worterbuch der Bergbau- und Huttenkunde
|z eng
|
| 606 |
1 |
|
|a Немецкий язык
|x Терминологические словари
|2 stltpush
|3 (RuTPU)RU\TPU\subj\45383
|9 64626
|
| 610 |
1 |
|
|a лексика
|
| 610 |
1 |
|
|a термины
|
| 610 |
1 |
|
|a словарный состав
|
| 610 |
1 |
|
|a горное дело
|
| 610 |
1 |
|
|a металлургия
|
| 610 |
1 |
|
|a маркшейдерия
|
| 610 |
1 |
|
|a пробирное дело
|
| 610 |
1 |
|
|a галургия
|
| 610 |
1 |
|
|a минералогия
|
| 610 |
1 |
|
|a геодезия
|
| 610 |
1 |
|
|a строительство
|
| 610 |
1 |
|
|a плотничные работы
|
| 610 |
1 |
|
|a железнодорожное строительство
|
| 610 |
1 |
|
|a коллекция Л. Л. Тове
|
| 686 |
|
|
|a Ш143.24-43
|v LBC/SL-A
|2 rubbk
|
| 700 |
|
1 |
|a Бек-Гергард
|b В. Н.
|c горный инженер
|c действительный статский советник
|f 1843-1907
|g Василий (Вильгельм) Николаевич
|2 stltpush
|3 (RuTPU)RU\TPU\pers\38798
|9 20890
|
| 801 |
|
1 |
|a RU
|b 63413507
|c 20200817
|
| 801 |
|
2 |
|a RU
|b 63413507
|c 20201019
|g RCR
|
| 942 |
|
|
|c BK
|